00511nam a2200145Ia 4500008004100000041000800041082001700049100001700066245004500083260002600128300003300154365001100187999001700198952015000215240624s9999 xx 000 0 und d aeng a658.4033 SAR aSARKAR SUMIT aOUT THINK HOW TO USE GAME THEORY TO OUTS c2016aNew DelhibSage axviii, : 213 : p. : cm. ; 21 cRSb38 c27444d27444 00104070aIMTNbIMTNcRack 26-Bd2016-05-02eAPg395.00l1o658.4033 SARp27444q2026-01-26r2026-01-16 12:53:27s2026-01-16t1w2024-06-24yBK